000 01728cam a22003977a 4500
001 14529242
003 OSt
005 20150716094449.0
008 060831s2006 waua b 101 0 eng d
010 _a 2006281951
016 7 _a101276098
_2DNLM
020 _a0819461261
040 _aSEKU
050 0 0 _aR 857.L37
_bJ3
100 _aJacques, Steven L.
245 0 0 _aOptical interactions with tissue and cells XVII :
_b23-25 January 2006, San Jose, California, USA /
_cSteven L. Jacques, William P. Roach, chairs/editors ; sponsored and published by SPIE--the International Society for Optical Engineering.
260 _aBellingham, Wash., USA :
_bSPIE,
_cc2006.
300 _a1 v. (various pagings) :
_bill.
490 1 _aProgress in biomedical optics and imaging,
_x1605-7422 ;
_vvol. 7, no. 7
490 1 _aProceedings of SPIE ;
_x0277-786X ;
_vv. 6084
504 _aIncludes bibliographical references and author index.
650 0 _aLasers in medicine
_vCongresses.
650 0 _aLasers
_xDiagnostic use
_vCongresses.
650 0 _aLasers
_xTherapeutic use
_vCongresses.
650 0 _aImaging systems in medicine
_vCongresses.
650 0 _aDiagnostic imaging
_vCongresses.
650 0 _aPhotochemotherapy
_vCongresses.
650 1 2 _aLasers
_xtherapeutic use
_vCongresses.
650 2 2 _aPhotochemotherapy
_vCongresses.
700 1 _aRoach, William P.,
_d1951-
710 2 _aSociety of Photo-optical Instrumentation Engineers.
830 0 _aProgress in biomedical optics and imaging ;
_vv. 7, no. 7.
830 0 _aProceedings of SPIE--the International Society for Optical Engineering ;
_vv. 6084.
856 4 1 _3Table of contents only
_uhttp://www.loc.gov/catdir/toc/fy0701/2006281951.html
942 _2lcc
_cGEN
999 _c6035
_d6035